|
|
|
|
| LEADER |
03272nam a2200793 a 4500 |
| 001 |
nkc20091850221 |
| 003 |
CZ PrNK |
| 005 |
20130627073116.0 |
| 007 |
ta |
| 008 |
090107s2008 xr f 000 0 cze |
| 015 |
|
|
|a cnb001850221
|
| 020 |
|
|
|a 978-80-7021-974-4
|q (Vyšehrad ;
|q brož.)
|
| 035 |
|
|
|a (OCoLC)320217626
|
| 040 |
|
|
|a OLA001
|b cze
|d ABA001
|
| 041 |
0 |
|
|a cze
|a slo
|
| 043 |
|
|
|a e-xr---
|a e-xo---
|
| 072 |
|
7 |
|a 27-46/-48
|x Pastorální teologie
|2 Konspekt
|9 5
|
| 080 |
|
|
|a 316.77:27-7
|2 MRF
|
| 080 |
|
|
|a 27-4
|2 MRF
|
| 080 |
|
|
|a 27-46
|2 MRF
|
| 080 |
|
|
|a (=214.58)
|2 MRF
|
| 080 |
|
|
|a 364-786
|2 MRF
|
| 080 |
|
|
|a 2-67
|2 MRF
|
| 080 |
|
|
|a (437.3)
|2 MRF
|
| 080 |
|
|
|a (437.6)
|2 MRF
|
| 080 |
|
|
|a (048.8:082)
|2 MRF
|
| 100 |
1 |
|
|a Balogová, Beáta
|7 mzk2009502388
|4 aut
|
| 245 |
1 |
0 |
|a Vnitrocírkevní komunikace Čechů, Slováků a Romů :
|b příspěvek náboženských aktivit k integraci Romů /
|c Beáta Balogová, Eva Pavliková, Albert-Peter Rethmann
|
| 250 |
|
|
|a Vyd. 1.
|
| 260 |
|
|
|a Praha :
|b Vydalo Centrum pro studium migrace, Katolická teologická fakulta Univerzity Karlovy v nakl. Vyšehrad,
|c 2008
|
| 300 |
|
|
|a 141 s. ;
|c 21 cm
|
| 504 |
|
|
|a Obsahuje bibliografie a bibliografické odkazy
|
| 546 |
|
|
|a Část. slovenský text
|
| 650 |
0 |
7 |
|a církevní komunikace
|7 ph384543
|z Česko
|2 czenas
|
| 650 |
0 |
7 |
|a církevní komunikace
|7 ph384543
|z Slovensko
|2 czenas
|
| 650 |
0 |
7 |
|a církevní život
|7 ph119306
|z Česko
|2 czenas
|
| 650 |
0 |
7 |
|a církevní život
|7 ph119306
|z Slovensko
|2 czenas
|
| 650 |
0 |
7 |
|a pastorace
|7 ph123988
|z Česko
|2 czenas
|
| 650 |
0 |
7 |
|a pastorace
|7 ph123988
|z Slovensko
|2 czenas
|
| 650 |
0 |
7 |
|a Romové
|7 ph118051
|z Česko
|2 czenas
|
| 650 |
0 |
7 |
|a Romové
|7 ph118051
|z Slovensko
|2 czenas
|
| 650 |
0 |
7 |
|a sociální integrace
|7 ph125789
|z Česko
|2 czenas
|
| 650 |
0 |
7 |
|a sociální integrace
|7 ph125789
|z Slovensko
|2 czenas
|
| 650 |
0 |
7 |
|a náboženství a společnost
|7 ph138511
|z Česko
|2 czenas
|
| 650 |
0 |
7 |
|a náboženství a společnost
|7 ph138511
|z Slovensko
|2 czenas
|
| 650 |
0 |
9 |
|a church communication
|z Czechia
|2 eczenas
|
| 650 |
0 |
9 |
|a church communication
|z Slovakia
|2 eczenas
|
| 650 |
0 |
9 |
|a church life
|z Czechia
|2 eczenas
|
| 650 |
0 |
9 |
|a church life
|z Slovakia
|2 eczenas
|
| 650 |
0 |
9 |
|a pastoral care
|z Czechia
|2 eczenas
|
| 650 |
0 |
9 |
|a pastoral care
|z Slovakia
|2 eczenas
|
| 650 |
0 |
9 |
|a Romanies
|z Czechia
|2 eczenas
|
| 650 |
0 |
9 |
|a Romanies
|z Slovakia
|2 eczenas
|
| 650 |
0 |
9 |
|a social integration
|z Czechia
|2 eczenas
|
| 650 |
0 |
9 |
|a social integration
|z Slovakia
|2 eczenas
|
| 650 |
0 |
9 |
|a religion and society
|z Czechia
|2 eczenas
|
| 650 |
0 |
9 |
|a religion and society
|z Slovakia
|2 eczenas
|
| 655 |
|
7 |
|a kolektivní monografie
|7 fd501537
|2 czenas
|
| 655 |
|
9 |
|a collective monographs
|2 eczenas
|
| 700 |
1 |
|
|a Pavlíková, Eva,
|d 1975-
|7 jo2013768379
|4 aut
|
| 700 |
1 |
|
|a Rethmann, Albert-Peter,
|d 1960-
|7 js20050411014
|4 aut
|
| 710 |
2 |
|
|a Univerzita Karlova.
|b Centrum pro studium migrace
|7 kn20090211032
|
| 856 |
4 |
1 |
|u https://www.digitalniknihovna.cz/mzk/uuid/uuid:a518f740-c488-11e3-b110-005056827e51
|y Digitalizovaný dokument
|x NDK
|
| 910 |
2 |
|
|a BOA001
|b 2-1221.508
|
| 928 |
9 |
|
|a Vyšehrad
|
| 990 |
|
|
|a BK
|
| 995 |
|
|
|a 01
|
| 991 |
|
|
|b 200904
|c NOV
|
| 996 |
6 |
|
|b 2610374526
|c 2-1221.508
|l MZK
|r Sklad / do 1 hodiny
|n 3
|p p.v.
|w 000935210
|u 000010
|a 1
|e BOA001
|j MZK50
|s P
|